000 00649cam a22002052 4500
001 0000006308
005 20151217145832.0
008 071016s xx 000 0 eng d
020 _a81203147700 :
_cKES 2320
040 _aKABU
_cKABU
100 1 _aShaw, Mary.
_@0000157730
245 1 0 _aSoftware architecture :
_bperspective on an emerging discipline /
_cMary Shaw and David Garlan.
260 _aNew Delhi :
_bPrentice-Hall,
_c1996.
300 _axxi, 242 p.
650 0 _aSoftware architecture.
_@0000157731
700 1 _aGarlan, David.
_@0000157732
908 _a071016
950 _@1
999 _c3102
_d3102